000 00698nam a22001697a 4500
999 _c12320
_d12320
008 190122b ||||| |||| 00| 0 eng d
082 _22018
_aUT 1155
_bM53
100 _aMendez, Leobert S.
_934808
245 _aBekimon:
_bexploring the determinants, origins and effects of using swardspeak through the lens of its users /
_cLeobert S. Mendez, Jenalyn S. Carbonquillo, and Daniel Y. Carbadilla, Jr.
260 _aDigos City:
_bUMDC
_cNovember 2018.
300 _a72 pages;
_c30 cm.
650 _aEducation
_vEnglish
_xUndergraduate thesis.
_934809
700 _aMendez, Leobert S.
_934808
700 _aCarbonquillo, Jenalyn S.
_934810
700 _aCarbadilla, Daniel Y. Jr.
_934811
942 _2ddc
_cUT